[Event "Stay Safe Play From Home 150"]
[Site "T#646043Emanuel Laske"]
[Date "2020.05.14"]
[Round "7"]
[White "Dukic"]
[Black "Lucknow"]
[Result "0-1"]
[WhiteElo "1792"]
[BlackElo "1755"]
[Annotator "NA RC"]
[PlyCount "72"]
[EventDate "2020.05.14"]
[EventType "swiss (blitz)"]

1. d4 {[%emt 0:00:03]} d5 {[%emt 0:00:01]} 2. c4 {[%emt 0:00:01]} c6 {[%emt 0:00:01]} 3. Nc3 {[%emt 0:00:01]} Nf6 {[%emt 0:00:01]} 4. Nf3 {[%emt 0:00:01]} e6 {[%emt 0:00:01]} 5. Bg5 {[%emt 0:00:04]} Be7 {[%emt 0:00:01]} 6. e3 {[%emt 0:00:01]} Nbd7 {[%emt 0:00:01]} 7. Qc2 {[%emt 0:00:02]} a6 {[%emt 0:00:02]} 8. Bd3 {[%emt 0:00:02]} dxc4 {[%emt 0:00:01]} 9. Bxc4 {[%emt 0:00:02]} b5 {[%emt 0:00:00]} 10. Bd3 {[%emt 0:00:03]} c5 {[%emt 0:00:01]} 11. O-O {[%emt 0:00:02]} cxd4 {[%emt 0:00:01]} 12. Nxd4 {[%emt 0:00:03]} Bb7 {[%emt 0:00:01]} 13. Rfd1 {[%emt 0:00:02]} h6 {[%emt 0:00:07]} 14. Bh4 {[%emt 0:00:02]} O-O {[%emt 0:00:03]} 15. Qe2 {[%emt 0:00:03]} Qb6 {[%emt 0:00:06]} 16. Bc2 {[%emt 0:00:07]} Rfd8 {[%emt 0:00:11]} 17. Rd2 {[%emt 0:00:07]} Rac8 {[%emt 0:00:04]} 18. Rad1 {[%emt 0:00:03]} Ne5 {[%emt 0:00:04]} 19. Bb1 {[%emt 0:00:19]} Nc4 {[%emt 0:00:09]} 20. Rd3 {[%emt 0:00:07]} Ne5 {[%emt 0:00:12]} 21. R3d2 {[%emt 0:00:03]} Rd7 {[%emt 0:00:10]} 22. Nb3 {[%emt 0:00:09]} Rxd2 {[%emt 0:00:10]} 23. Rxd2 {[%emt 0:00:01]} Qc6 {[%emt 0:00:09]} 24. e4 {[%emt 0:00:20]} Kf8 {[%emt 0:00:25]} 25. Bg3 {[%emt 0:00:09]} Nc4 {[%emt 0:00:03]} 26. Rd1 {[%emt 0:00:09]} Rd8 {[%emt 0:00:04]} 27. Rc1 {[%emt 0:00:11]} Qd7 {[%emt 0:00:08]} 28. f3 {[%emt 0:00:12]} Nh5 {[%emt 0:00:08]} 29. Bf2 {[%emt 0:00:02]} Nf4 {[%emt 0:00:02]} 30. Qf1 {[%emt 0:00:04]} Ng6 {[%emt 0:00:19]} 31. Qe2 {[%emt 0:00:04]} Rc8 {[%emt 0:00:06]} 32. Rd1 {[%emt 0:00:08]} Qe8 {[%emt 0:00:00]} 33. Qc2 {[%emt 0:00:08]} Nge5 {[%emt 0:00:00]} 34. Ne2 {[%emt 0:00:02]} Ng6 {[%emt 0:00:01]} 35. Nbd4 {[%emt 0:00:02]} Bf6 {[%emt 0:00:00]} 36. Qc3 {[%emt 0:00:01]} Kg8 {[%emt 0:00:00] Zeit (Lag: Av=0.30s, max=1.0s)} 0-1

[Event "Stay Safe Play From Home 150"]
[Site "T#646043Emanuel Laske"]
[Date "2020.05.14"]
[Round "7"]
[White "Mruzic"]
[Black "Haris kollari 13"]
[Result "0-1"]
[WhiteElo "1746"]
[BlackElo "1953"]
[Annotator "TA"]
[PlyCount "58"]
[EventDate "2020.05.14"]
[EventType "swiss (blitz)"]

{[%evp 9,57,-14,-4,-77,-90,-73,-73,-85,-102,-85,-37,-132,-80,-311,-81,-110,-58,-93,-62,-100,-101,-189,-214,-289,-286,-370,-372,-372,-368,-420,-237,-505,-509,-968,-556,-527,-525,-1083,-329,-296,-190,-410,-415,-910,-924,-29991,-29992,-29998,-29999,-29999]} 1. d4 d5 2. c4 e5 3. dxe5 d4 4. e4 Nc6 5. f4 g5 6. Bd3 {D08: Albin Counter Gambit.} (6. Nf3 $11) 6... gxf4 $17 7. Bxf4 Nge7 8. Nf3 {Black is better.} Ng6 {[%mdl 1024] Black has strong compensation.} 9. Bg3 Bg7 10. a3 {[#]} ({White should try} 10. Qb3 $15) 10... Bg4 $146 (10... Ngxe5 11. O-O $15) (10... h5 $142 $1 11. h4 Ngxe5) ({Predecessor:} 10... h5 11. h3 h4 12. Bh2 Ngxe5 13. O-O Be6 14. Qe2 Nxf3+ 15. Rxf3 Ne5 16. Rf1 Qg5 {0-1 (25) Peredy,F (2264)-Lyell,M (2224) Kecskemet 2010}) 11. h3 $2 (11. e6 $17 fxe6 12. Nbd2) 11... Bh5 $2 ({Much less strong is} 11... Bxe5 12. hxg4 Bxg3+ 13. Kd2 $17) (11... Bxf3 $19 {has better winning chances.} 12. Qxf3 Ngxe5 13. Bxe5 Nxe5) 12. Nbd2 Ncxe5 ({Don't play} 12... Ngxe5 $6 13. Qc2 $15) (12... Bxe5 $17 13. Bf2 Nf4) 13. Bxe5 Nxe5 14. Qe2 Qe7 15. O-O (15. g4 $17 Nxd3+ 16. Qxd3) 15... O-O-O $19 16. b4 Bh6 {Threatens to win with ...Bxd2.} 17. Rad1 Be3+ 18. Kh1 Rhg8 {And now ...Rg3 would win.} 19. c5 f6 (19... Bxd2 $142 20. Rxd2 Rg3) 20. Bc4 $2 (20. c6 Nxc6 21. Nc4) 20... Rg3 21. Rg1 (21. Qe1 $142 Rxf3 22. Nxf3 Nxc4 23. Qh4 Bxf3 24. Rxf3) 21... Qg7 22. Be6+ Kb8 23. Qf1 Bf7 $2 (23... Nxf3 24. Nxf3 Bxf3 {[%mdl 64] Pin}) 24. Bxf7 {Hoping for Be6.} Nxf7 25. Nc4 $2 (25. Nh4 Nh6 26. Ndf3) 25... Bxg1 26. Qxg1 (26. Nxg1 $142 Rg8 27. Rd2) 26... Rg8 {[%cal Rg3g2]} 27. Ncd2 Rxg2 {Black mates.} 28. Qxd4 {[#]} Rh2+ $1 {[%mdl 576] Decoy, Clearance} 29. Kxh2 (29. Nxh2 Qg2#) 29... Qg2# {Accuracy: White = 21%, Black = 49%.} 0-1

[Event "Stay Safe Play From Home 150"]
[Site "T#646043Emanuel Laske"]
[Date "2020.05.14"]
[Round "7"]
[White "Edmatuag"]
[Black "Tunca"]
[Result "1-0"]
[WhiteElo "1685"]
[BlackElo "1636"]
[Annotator "NA RC"]
[PlyCount "39"]
[EventDate "2020.05.14"]
[EventType "swiss (blitz)"]

1. e4 {[%emt 0:00:06]} Nf6 {[%emt 0:00:01]} 2. Nc3 {[%emt 0:00:03]} e6 {[%emt 0:00:01]} 3. Nf3 {[%emt 0:00:01]} Bb4 {[%emt 0:00:01]} 4. d3 {[%emt 0:00:04]} d5 {[%emt 0:00:01]} 5. e5 {[%emt 0:00:04]} Nfd7 {[%emt 0:00:02]} 6. d4 {[%emt 0:00:03]} c5 {[%emt 0:00:01]} 7. Be3 {[%emt 0:00:02]} Nc6 {[%emt 0:00:01]} 8. a3 {[%emt 0:00:09]} cxd4 {[%emt 0:00:12]} 9. Bxd4 {[%emt 0:00:12]} Nxd4 {[%emt 0:00:17]} 10. Qxd4 {[%emt 0:00:10]} Bc5 {[%emt 0:00:06]} 11. Qg4 {[%emt 0:00:08]} O-O {[%emt 0:00:18]} 12. Bd3 {[%emt 0:00:05]} f5 {[%emt 0:00:14]} 13. exf6 {[%emt 0:00:10]} Nxf6 {[%emt 0:00:04]} 14. Qh4 {[%emt 0:00:08]} e5 {[%emt 0:00:57]} 15. O-O-O {[%emt 0:00:11]} e4 {[%emt 0:00:34]} 16. Nxe4 {[%emt 0:00:13]} Nxe4 {[%emt 0:00:02]} 17. Qxd8 {[%emt 0:00:02]} Rxd8 {[%emt 0:00:02]} 18. Bxe4 {[%emt 0:00:01]} Be6 {[%emt 0:00:02]} 19. Bxh7+ {[%emt 0:00:07]} Kxh7 {[%emt 0:00:02]} 20. Ng5+ {[%emt 0:00:01] Time (Lag: Av=0.46s, max=0.8s)} 1-0

[Event "Stay Safe Play From Home 150"]
[Site "T#646043Emanuel Laske"]
[Date "2020.05.14"]
[Round "7"]
[White "Timbre"]
[Black "Klausen"]
[Result "0-1"]
[WhiteElo "1624"]
[BlackElo "1882"]
[Annotator "NA RC"]
[PlyCount "64"]
[EventDate "2020.05.14"]
[EventType "swiss (blitz)"]

1. d4 {[%emt 0:00:11]} e6 {[%emt 0:00:02]} 2. Nf3 {[%emt 0:00:01]} f5 {[%emt 0:00:02]} 3. c3 {[%emt 0:00:01]} Nf6 {[%emt 0:00:02]} 4. Bf4 {[%emt 0:00:01]} d5 {[%emt 0:00:01]} 5. e3 {[%emt 0:00:01]} Bd6 {[%emt 0:00:01]} 6. Bg3 {[%emt 0:00:02]} Ne4 {[%emt 0:00:01]} 7. Be2 {[%emt 0:00:01]} O-O {[%emt 0:00:01]} 8. Nbd2 {[%emt 0:00:02]} c5 {[%emt 0:00:02]} 9. Ne5 {[%emt 0:00:02]} Nxg3 {[%emt 0:00:04]} 10. hxg3 {[%emt 0:00:02]} Bxe5 {[%emt 0:00:02]} 11. dxe5 {[%emt 0:00:01]} Nc6 {[%emt 0:00:02]} 12. f4 {[%emt 0:00:03]} Qb6 {[%emt 0:00:04]} 13. Qc2 {[%emt 0:00:02]} c4 {[%emt 0:00:03]} 14. O-O {[%emt 0:00:02]} Qxe3+ {[%emt 0:00:03]} 15. Kh1 {[%emt 0:00:03]} Qxe2 {[%emt 0:00:02]} 16. Qc1 {[%emt 0:00:05]} Bd7 {[%emt 0:00:09]} 17. Nf3 {[%emt 0:00:02]} Be8 {[%emt 0:00:13]} 18. b3 {[%emt 0:00:03]} Bh5 {[%emt 0:00:04]} 19. bxc4 {[%emt 0:00:02]} Qxc4 {[%emt 0:00:02]} 20. Rb1 {[%emt 0:00:06]} b6 {[%emt 0:00:03]} 21. Rb3 {[%emt 0:00:06]} Rac8 {[%emt 0:00:03]} 22. Qe3 {[%emt 0:00:04]} Na5 {[%emt 0:00:06]} 23. Rbb1 {[%emt 0:00:07]} Qxc3 {[%emt 0:00:03]} 24. Qf2 {[%emt 0:00:04]} Bxf3 {[%emt 0:00:04]} 25. gxf3 {[%emt 0:00:02]} Nc4 {[%emt 0:00:02]} 26. Rbc1 {[%emt 0:00:03]} Qe3 {[%emt 0:00:04]} 27. Qg2 {[%emt 0:00:03]} Nd2 {[%emt 0:00:04]} 28. Rfe1 {[%emt 0:00:04]} Rxc1 {[%emt 0:00:04]} 29. Rxc1 {[%emt 0:00:02]} Nxf3 {[%emt 0:00:02]} 30. Rf1 {[%emt 0:00:05]} Nd2 {[%emt 0:00:06]} 31. Rf2 {[%emt 0:00:01]} Ne4 {[%emt 0:00:07]} 32. Re2 {[%emt 0:00:02]} Nxg3+ {[%emt 0:00:04]} 0-1

[Event "Stay Safe Play From Home 150"]
[Site "T#646043Emanuel Laske"]
[Date "2020.05.14"]
[Round "8"]
[White "Lamborghini"]
[Black "Klari64"]
[Result "0-1"]
[WhiteElo "2233"]
[BlackElo "2015"]
[Annotator "TA"]
[PlyCount "120"]
[EventDate "2020.05.14"]
[EventType "swiss (blitz)"]

{[%evp 17,120,0,2,0,0,-4,-10,-27,-17,-37,0,-27,-39,-54,-54,-51,-50,-38,0,-65,-33,-36,0,0,0,0,0,0,20,18,29,0,23,6,39,-28,10,0,24,-122,-120,-254,-239,-289,-268,-404,-404,-399,-400,-367,-207,-237,-43,-217,-52,-38,0,0,23,40,105,0,0,-268,-280,-255,-261,-284,-274,-343,-206,-252,-18,-38,-38,-44,8,8,8,-2,-3,-3,14,12,12,10,14,0,0,0,190,0,0,0,8,0,48,48,48,44,48,8,8,8,8]} 1. e4 e5 2. Nf3 Nc6 3. Bc4 Bc5 4. c3 Nf6 5. d4 exd4 6. e5 d5 7. Bb5 Ne4 8. cxd4 Bb6 9. Nc3 O-O 10. Be3 {C54: Giuoco Piano: 4 c3 Nf6, main lines with 5 d4 and 5 d3.} Bg4 11. Qc2 Bf5 {aiming for ...Nxc3.} 12. Qb3 Na5 13. Qd1 c6 {[#]} 14. Be2 $146 ({Predecessor:} 14. Bd3 Nc4 15. Qc2 Ba5 16. Bd2 Nexd2 17. Bxf5 Nxf3+ 18. gxf3 Qh4 19. O-O-O g6 20. Bg4 Bxc3 21. Qxc3 Qxf2 {0-1 (28) Panainte,D (1943)-Pop,A (2252) Calimanesti 2013}) 14... Nc4 15. Bxc4 dxc4 16. O-O Nxc3 17. bxc3 Be4 18. Ne1 (18. Re1 $11) 18... Bd5 19. f4 f5 20. Nc2 Ba5 21. Qd2 Qe7 22. Bf2 Rad8 23. Ne3 b5 24. a3 Rd7 25. h3 Be4 {With the idea ...g5.} 26. Kh2 ({White should try} 26. a4 $14) 26... Rfd8 {Strongly threatening ...Rxd4!} 27. Qb2 a6 28. g4 (28. a4 $11 {remains equal.} Bc7 29. axb5 axb5 30. Ra6) 28... fxg4 $17 29. hxg4 (29. Nxg4 $17 {was necessary.} Rf8 30. Rae1) 29... c5 $19 30. d5 Bxd5 31. Rad1 (31. Nf5 $142 Qe6 32. Bh4) 31... Be4 32. Rxd7 Rxd7 ({But not} 32... Qxd7 33. Rd1 $19) 33. Rd1 Bd3 (33... g5 $142 34. Rxd7 Qxd7) 34. Bg3 Bc7 $2 (34... Qe8 $19 {Threatens to win with ...Qg6.} 35. a4 b4 36. cxb4 cxb4) 35. Re1 $2 {[#]} (35. Qg2 $15) 35... g5 $2 ({Black should play} 35... Be4 $1 $19 {...Qe6 is the strong threat.} 36. Qe2 Qe6) 36. Qf2 $15 gxf4 37. Qxf4 Bg6 38. Nf5 Qf8 {[#]} (38... Qe6 $14) 39. Qg5 (39. Bh4 $1 $16 Kh8 40. Kg1) 39... Bd8 $11 40. Qh6 $2 {[%mdl 8192]} (40. Qf4 $11) 40... Qxh6+ $19 41. Nxh6+ Kf8 42. Nf5 Rd2+ 43. Kh3 Be7 44. e6 h5 $2 (44... Rd3 $19 {White must now prevent ...Bxf5.} 45. Kg2 Rxc3) 45. Nxe7 Kxe7 $11 {[%mdl 4096] Endgame KRB-KRB} 46. Bh4+ Ke8 (46... Kd6 $15) 47. gxh5 Bxh5 {next ...Rd3+ is good for Black.} 48. Rg1 {[%cal Rg1g8]} Rd3+ 49. Kh2 {[%cal Rg1g8]} Bf7 (49... Kf8 {is interesting.} 50. e7+ Ke8 51. Rg8+ Kd7 52. Rd8+ Ke6) 50. exf7+ Kxf7 {KRB-KR} 51. Rc1 Ke6 52. Bf2 Kd5 53. Kg2 Ke4 $2 (53... b4 $11 {and Black stays safe.}) 54. Re1+ $2 (54. Bxc5 $18 Rd2+ 55. Kg3) 54... Kd5 55. Re3 Rd2 56. Kf3 a5 57. Re8 Rd3+ 58. Kf4 {And now Re5+ would win.} Rxc3 59. Rd8+ Kc6 60. Rc8+ Kd7 {[%mdl 32768] White happily takes the draw. Accuracy: White = 58%, Black = 56%. . Sensor Board Error (Ke4/e5)?} 0-1

[Event "Stay Safe Play From Home 150"]
[Site "T#646043Emanuel Laske"]
[Date "2020.05.14"]
[Round "8"]
[White "Little champs"]
[Black "Sfantul321"]
[Result "1-0"]
[WhiteElo "2224"]
[BlackElo "2062"]
[Annotator "TA"]
[PlyCount "55"]
[EventDate "2020.05.14"]
[EventType "swiss (blitz)"]

{[%evp 12,55,26,26,31,25,32,22,18,27,42,39,46,12,43,0,18,10,24,10,17,23,53,47,45,33,34,20,18,0,0,0,0,0,0,0,12,5,3,0,89,85,125,111,29977,29978]} 1. d4 g6 2. c3 Bg7 3. g3 d6 4. Bg2 c6 5. Nf3 Nf6 6. O-O O-O 7. Nbd2 Bg4 {A49: 1 d4 Nf6 2 Nf3 g6 3 g3: Anti-King's Indian systems.} 8. h3 Bxf3 {[#]} 9. exf3 $146 ({Predecessor:} 9. Nxf3 Nbd7 10. Re1 e5 11. dxe5 dxe5 12. e4 Qc7 13. Nh4 Nh5 14. Be3 c5 15. Qe2 {1-0 (28) Schatz,W-Beutel,H Gauting 1976}) 9... Nbd7 {The position is equal.} 10. f4 e5 11. dxe5 dxe5 12. Nf3 Re8 13. Re1 {[%cal Rf3e5]} exf4 14. Bxf4 Qb6 15. Qc2 Nd5 16. Bd2 Ne5 17. Nxe5 Rxe5 18. Rxe5 Bxe5 19. Bxd5 cxd5 20. Be3 d4 21. cxd4 Bxd4 22. Bxd4 Qxd4 $11 {[%mdl 4096] Endgame KQR-KQR} 23. Rd1 Qb6 24. Rd7 Re8 25. Qc4 Rf8 (25... Qf6 $11 {remains equal.}) 26. b3 a6 27. Qd5 Qa5 $2 {[%mdl 8192] [#]} (27... Qf6 $16) 28. Qxa5 {Accuracy: White = 89%, Black = 56%.} 1-0

[Event "Stay Safe Play From Home 150"]
[Site "T#646043Emanuel Laske"]
[Date "2020.05.14"]
[Round "8"]
[White "Don59as"]
[Black "Lazieri3"]
[Result "1-0"]
[WhiteElo "2039"]
[BlackElo "2001"]
[Annotator "TA"]
[PlyCount "149"]
[EventDate "2020.05.14"]
[EventType "swiss (blitz)"]

{[%evp 12,148,19,2,34,20,43,0,43,-12,20,8,70,63,129,71,161,150,186,198,202,134,131,105,104,97,119,112,118,119,137,143,129,131,159,155,155,152,155,156,249,241,264,267,379,295,288,266,359,353,508,454,539,470,470,470,447,409,379,348,440,442,524,524,820,477,562,559,806,800,998,939,839,559,1069,1048,1029,499,1007,458,814,458,1440,1344,1265,1032,1250,1293,806,0,0,-8,29966,29968,29966,29967,29965,6083,29980,29981,29983,29984,29986,29987,29987,29988,29988,29989,29989,29989,29991,29992,29993,29992,29992,29993,29994,29994,29995,29995,29999,29995,29995,29996,29996,29997,29997,29997,29997,29997,29997,29997,29998,29998,29999,29998,29998,29999,29999]} 1. c4 c5 2. Nc3 Nc6 3. g3 d6 4. Bg2 Nf6 5. e3 g6 6. Nge2 Bg7 7. O-O Bd7 {A36: Symmetrical English vs ...g6: 4 Bg2 Bg7.} 8. b3 Qc8 9. Nf4 {[#]} O-O $146 {The position is equal.} ({Predecessor:} 9... h5 10. h4 Bg4 11. f3 Bf5 12. Bb2 O-O 13. Kh2 Rb8 14. Re1 Re8 15. a3 a6 {0-1 (60) Mulet,P (2303)-Baryshpolets,A (2477) Krakow 2012}) 10. Re1 (10. d4 $14) 10... h6 11. Bb2 a6 (11... g5 $11 12. Nd3 Bh3) 12. d4 $14 Re8 (12... b6 $14) 13. Rc1 ({Better is} 13. dxc5 {Hoping for Na4.} g5 14. Nd3) 13... e5 (13... cxd4 $16 14. exd4 Qd8) 14. dxe5 $18 dxe5 15. Nfd5 Qd8 16. Nxf6+ Bxf6 17. Ne4 Be7 18. Nd6 Bxd6 19. Qxd6 Qe7 20. Rcd1 Bg4 21. Qxe7 Rxe7 22. Rd6 e4 23. h3 Bf3 {[#]} 24. Bxf3 $1 exf3 25. Red1 Ne5 (25... Re6 $16 26. Rd7 b5) 26. Kh2 Rae8 27. R1d5 b5 (27... Nc6 $142 28. Rxc5 Re6) 28. Rxc5 bxc4 29. bxc4 a5 30. g4 g5 (30... Kf8 {keeps fighting.} 31. Kg3 Rd7 32. Bxe5 Rxe5 {[%mdl 64] Remove Defender} 33. Rxe5 Rxd6 34. Rxa5 Rd3) 31. Kg3 a4 32. Rxe5 Rxe5 33. Bxe5 Rxe5 34. Kxf3 {[%mdl 4096] Endgame KR-KR} Rc5 35. Rd4 a3 36. Rd3 Rxc4 37. Rxa3 Rc2 38. Ra6 Kg7 39. a4 {[%cal Ba2a4,Ba4a5,Ba5a6,Ba6a7][%mdl 32]} Rb2 40. a5 Ra2 41. Ra8 Ra1 42. a6 Rh1 43. a7 Ra1 44. Ke4 (44. Ke2 $142 Ra3 45. Kd2) 44... Ra4+ (44... Ra5 $142 45. f4 Ra4+ 46. Ke5 gxf4 47. exf4 f6+ 48. Kd6 Ra1) 45. Kd5 Ra6 (45... Ra1 $142 46. f4 gxf4 47. exf4 f6) 46. Kc5 Kf6 (46... Ra3 $142 47. f4 gxf4 48. exf4 f6) 47. Kb5 Ra1 48. Kb6 Rb1+ 49. Kc7 Ra1 50. Rb8 $2 ({White should try} 50. f4 $18 {Kd7 is the strong threat.} gxf4 51. exf4) 50... Rxa7+ $11 51. Rb7 Ra6 $2 {[%mdl 8192] [#] Now Black is done in.} (51... Ra2 $11) 52. Rb6+ $1 Rxb6 53. Kxb6 {KP-KP} Ke5 54. f3 f5 55. Kc5 {White mates.} fxg4 56. hxg4 h5 57. gxh5 {KP-KP} g4 58. fxg4 Kf6 59. Kd6 Kg7 60. Ke7 Kg8 61. g5 Kh8 62. Kf6 Kg8 63. g6 Kh8 64. h6 Kg8 65. h7+ Kf8 66. g7+ Ke8 67. g8=Q+ Kd7 68. h8=Q Kd6 69. Qe6+ Kc5 70. Qd8 {[%csl Ge6][%cal Rd8b6]} Kb4 71. Qee7+ Kb5 72. Qec7 Ka6 73. Qdc8+ Kb5 74. Q8b8+ Ka4 75. Qca7# {Accuracy: White = 79%, Black = 31%.} 1-0

[Event "Stay Safe Play From Home 150"]
[Site "T#646043Emanuel Laske"]
[Date "2020.05.14"]
[Round "8"]
[White "Haris kollari 13"]
[Black "Kongle"]
[Result "1-0"]
[WhiteElo "1961"]
[BlackElo "1796"]
[Annotator "TA"]
[PlyCount "97"]
[EventDate "2020.05.14"]
[EventType "swiss (blitz)"]

{[%evp 9,97,18,30,26,36,31,66,56,98,56,137,75,100,84,99,90,103,29,35,25,101,26,297,292,281,306,302,278,608,175,1350,351,307,161,243,262,385,235,539,135,419,240,492,340,492,491,498,488,1145,1128,1301,782,863,651,621,452,2490,-1348,-1313,-5903,-7231,-29981,-2212,-1781,-1181,-1636,-1710,-2201,-2174,-29997,-29998,-29998,-29990,-29990,-29988,-29988,-29980,-29980,-29981,-29992,-29992,-29993,-29994,-29994,-29995,-29995,-29996,-29996,-29993,-29994]} 1. e4 e5 2. Nf3 Nf6 3. Nc3 d6 4. Bc4 Bg4 5. d3 Be7 6. h3 {C42: Petroff Defence: 3 Nxe5 and unusual White 3rd moves.} Bh5 7. Bb3 h6 {[#]} 8. Be3 $146 {White is slightly better.} ({Predecessor:} 8. Ne2 Nbd7 9. Ng3 Bg6 10. a3 c6 11. Be3 d5 12. Nh4 Bh7 13. Nhf5 O-O 14. Nxe7+ Qxe7 {½-½ (87) Schmid,H (1715)-Ghaznavi,M (1568) Bad Homburg 2017}) 8... O-O 9. Qd2 c6 (9... Bxf3 $14 10. gxf3 Kh7) 10. O-O-O ({White should play} 10. Bxh6 {Black must now prevent Qg5.} Bg6 11. h4) 10... a5 11. a4 Nbd7 12. g4 Bg6 13. g5 ({Better is} 13. Nh4 $16 Kh7 14. Nxg6 fxg6 15. d4) 13... hxg5 $11 14. Nxg5 Nh5 (14... Bh5 $11) 15. h4 (15. Rhg1 $16) 15... Nf4 $2 {[%mdl 8192]} (15... b5 $1 $11) 16. Bxf4 $18 exf4 17. Qxf4 Bh5 18. Rdg1 Ne5 $2 (18... Nc5 19. Bc4 d5) 19. Qg3 $2 (19. d4) 19... b5 $2 {[#]} (19... Bf6 20. Qe3 Ng6) 20. f4 $2 (20. Nxf7 $1 {[%csl Gg1][%cal Rg3g7][%mdl 512]} Bg5+ (20... Nxf7 21. Qxg7#) 21. hxg5 Rxf7 22. Rxh5) 20... Ng4 {[#]} 21. Rg2 (21. axb5 $6 a4 $16) (21. Ne6 $142 $1 {[%mdl 512]} fxe6 22. Bxe6+ {[%mdl 64] Double Attack} Rf7 23. axb5) 21... bxa4 (21... d5 $142 22. exd5 (22. axb5 a4 $11) 22... bxa4) 22. Nxa4 c5 (22... Qb8 $142 23. Rhg1 d5) 23. Qh3 Qd7 $2 (23... Nh6 {is tougher.} 24. Qg3 Bg4) 24. f5 $2 (24. Nb6 $18 Qa7 25. Nxa8) 24... Ne5 $2 {[%mdl 8192] [#]} (24... c4 $16) 25. Qg3 (25. Ne6 $142 $1 {[%mdl 512]} Kh8 (25... fxe6 26. Bxe6+) 26. Nxf8 Rxf8 27. Rf1) 25... Ng4 $2 (25... Bf6 {was called for.} 26. Ne6 Bf3) 26. Rf1 ({Weaker is} 26. Nb6 Qa7 $18) 26... Rab8 (26... c4 $142) 27. Rf4 Bf6 28. Rxg4 {And now Nxf7! would win.} Bxg4 (28... Be5 $142 29. Nh7 Bxg4 30. Nxf8 (30. Qxg4 Kxh7 31. Nc3 Rh8 $18) 30... Qxa4 31. Bxa4 Bxg3 32. Rxg3 Bxf5) 29. Qxg4 c4 30. dxc4 Qe7 31. Qh5 {[%csl Gg5][%cal Rh5h7]} Bxg5+ 32. hxg5 {Intending Rh2 and mate.} g6 (32... Qxe4 $142 33. Rh2 Qe1+ 34. Qd1 Rfe8) 33. Qxg6+ $4 {[%mdl 8192]} (33. Qh4 $18 Qe5 34. Rh2 Qxh2 35. Qxh2 gxf5 36. exf5) 33... fxg6 $19 34. f6 Qxe4 {[%cal Re4e1]} 35. c5+ {[#]} d5 (35... Rxb3 $142 $1 36. Rd2 (36. cxb3 Qxg2) 36... Rh3 37. Nc3 Qf4 38. Kb1 Qxd2 39. Nd5 Rh1+ 40. Ka2 Qxd5+ {[%mdl 64] Double Attack} 41. b3 Qd1 42. f7+ Rxf7 43. b4 Qxc2+ {[%mdl 64] Double Attack} 44. Ka3 Rh3#) 36. Rd2 Rfd8 37. Nb6 {[#]} a4 $1 38. Ba2 {[#]} (38. Bxa4 Rxb6) 38... a3 $1 39. Nxd5 (39. bxa3 Qe1+) 39... axb2+ {Black mates.} 40. Kd1 Qh1+ 41. Ke2 Qg2+ 42. Ke3 Qxd2+ 43. Kxd2 b1=Q 44. Bc4 Qh1 45. Kc3 Qf3+ 46. Kd2 Rxd5+ 47. Bxd5+ Qxd5+ {[%mdl 64] Double Attack} 48. Kc3 Qxg5 49. f7+ {[%mdl 32768] Accuracy: White = 26%, Black = 21%. . Loss on time!?} 1-0

[Event "Stay Safe Play From Home 150"]
[Site "T#646043Emanuel Laske"]
[Date "2020.05.14"]
[Round "8"]
[White "MartinKestler"]
[Black "Position"]
[Result "1/2-1/2"]
[WhiteElo "1930"]
[BlackElo "2060"]
[Annotator "TA"]
[PlyCount "106"]
[EventDate "2020.05.14"]
[EventType "swiss (blitz)"]

{[%evp 14,106,33,11,43,23,43,28,56,35,84,42,44,36,36,31,33,27,48,48,48,-80,-86,-81,-85,-91,-71,-88,-56,-189,-180,-183,-135,-216,-175,-178,-181,-233,-193,-251,-222,-211,-222,-228,-239,-269,-268,-262,-260,-248,-251,-222,-3,-3,-3,-10,-15,-17,0,0,0,0,0,0,0,-28,-35,-35,-16,-16,-16,-16,-16,-1320,-2025,-12835,-12828,-12833,-1360,-12840,-12835,-12841,0,-12843,-12843,-12846,-12847,-12840,-12840,-12841,0,-12840,-12840,-12841,0]} 1. Nf3 d6 2. b3 Nf6 3. Bb2 g6 4. d4 Bg7 5. g3 O-O 6. Bg2 c6 7. O-O Nbd7 8. Nbd2 d5 {A49: 1 d4 Nf6 2 Nf3 g6 3 g3: Anti-King's Indian systems.} 9. a4 Qc7 {[#]} 10. e3 $146 ({Predecessor:} 10. a5 h6 11. c4 dxc4 12. Nxc4 Ne4 13. e3 Ndf6 14. Nfe5 Be6 15. Qc2 Bd5 16. f3 Nd6 17. e4 Bxc4 18. bxc4 {1-0 (35) Asadli,V (2457)-Dolgun,C (2104) Kocaeli 2017}) 10... Re8 {White has an edge.} 11. Re1 Ne4 12. c4 Nxd2 13. Qxd2 dxc4 14. bxc4 e5 15. Qb4 c5 16. Qb3 e4 17. Ne5 (17. Nd2 $14) 17... Nxe5 $17 18. dxe5 Bxe5 19. Bxe5 Qxe5 20. Rab1 b6 21. f3 (21. a5 $15) 21... exf3 $1 $19 22. Bxf3 Rb8 {[%cal Ba8b8,Bb8b7,Bb7e7][%mdl 32]} 23. a5 (23. Qb2 $17 {was necessary.}) 23... Bb7 24. Bxb7 Rxb7 25. Qb5 (25. Rbd1 $142) 25... Re6 26. Qa6 (26. Qb2 $142) 26... Rbe7 27. axb6 axb6 28. Rxb6 {[#]} Qc3 $1 {[%cal Rc3e1][%mdl 512]} 29. Rb8+ {[#]} Kg7 $1 {[%mdl 512]} 30. Qa1 Qxa1 31. Rxa1 Rxe3 {[%mdl 4096] Endgame KRR-KRR} 32. Rc8 Re1+ $2 (32... Rc3 $19 33. Rxc5 Re2) 33. Rxe1 $11 Rxe1+ {KR-KR} 34. Kf2 Re5 35. Kf3 g5 36. h3 h6 37. Rc6 f6 38. g4 Kg6 39. Rc7 h5 40. Kg3 hxg4 41. hxg4 Re3+ 42. Kf2 Re4 {[%mdl 64] aiming for ...Rf4+. Double Attack} 43. Rxc5 $2 {[%mdl 8192]} (43. Kg3 $11) 43... Rxg4 $19 44. Rc8 Rf4+ 45. Kg3 Rd4 (45... Kf5 $142 46. c5 Rc4) 46. c5 Rc4 47. c6 Kf7 $2 ({Black should play} 47... Kf5 $19 {Hoping for ...g4.} 48. c7 Rc3+ 49. Kg2 g4) 48. Kf3 $2 {[%mdl 8192]} (48. c7 $11 Kg7 49. Kg2) 48... Ke7 49. Kg3 Kd6 50. Rf8 Ke5 51. Rc8 Kd6 52. Rf8 $1 Ke6 53. Rc8 {[#]} Kd6 $2 {Accuracy: White = 52%, Black = 67%.} (53... Kf5 $1 $19 54. c7 g4) 1/2-1/2